Why Europe grew rich and Asia did not : (Record no. 3514)

000 -LEADER
fixed length control field 00689nam a2200217Ia 4500
008 - FIXED-LENGTH DATA ELEMENTS--GENERAL INFORMATION
fixed length control field 251202t2012||||xxka|||gd|||||||| ||und||
020 ## - INTERNATIONAL STANDARD BOOK NUMBER
International Standard Book Number 9780521168243
Terms of availability £ 28.00
040 ## - CATALOGING SOURCE
Original cataloging agency IMU Kochi Library
Language of cataloging eng
041 0# - LANGUAGE CODE
Language code of text/sound track or separate title eng
044 ## - COUNTRY OF PUBLISHING/PRODUCING ENTITY CODE
MARC country code United Kingdom
082 04 - DEWEY DECIMAL CLASSIFICATION NUMBER
Classification number 330.9402
Item number P257
Edition number 23
100 1# - MAIN ENTRY--PERSONAL NAME
Personal name Parthasarathi, Prasannan
245 10 - TITLE STATEMENT
Title Why Europe grew rich and Asia did not :
Sub Title global economic divergence, 1600-1850 /
260 ## - PUBLICATION, DISTRIBUTION, ETC. (IMPRINT)
Place of publication, distribution, etc UK :
Name of publisher, distributor, etc Cambridge university press,
Date of publication, distribution, etc 2012
300 ## - PHYSICAL DESCRIPTION
Extent xiv, 365 p.
Other physical details : ill;
Dimensions ; 23 cm.
650 #0 - SUBJECT ADDED ENTRY--TOPICAL TERM
Topical term or geographic name as entry element Economic development
Geographic subdivision Europe
Form subdivision Textbooks
650 #0 - SUBJECT ADDED ENTRY--TOPICAL TERM
Topical term or geographic name as entry element Economic development
Geographic subdivision Asia
Form subdivision Textbooks
852 ## - LOCATION/CALL NUMBER
Location IMU Kochi Library
904 ## - LOCAL DATA ELEMENT D, LDD (RLIN)
CATALOGER Akhil Bose
942 ## - ADDED ENTRY ELEMENTS (KOHA)
Item type Books
Holdings
Withdrawn status Lost status Source of classification or shelving scheme Damaged status Not for loan Collection code Permanent location Current location Shelving location Date acquired Source of acquisition Cost, normal purchase price Full call number Barcode Date last seen Koha item type
          Management Studies IMU Kochi Library IMU Kochi Library General Stacks 2025-12-02 M/s Brijwasi Book Distributors (Inv. no. BW/000337 dated 06.11.2025) 3241.00 330.9402 P257 BK007692 2025-12-02 Books
          Management Studies IMU Kochi Library IMU Kochi Library General Stacks 2025-12-02 M/s Brijwasi Book Distributors (Inv. no. BW/000337 dated 06.11.2025) 3241.00 330.9402 P257 BK007693 2025-12-02 Books


Copyright © All Rights Reserved by Indian Maritime University, Kochi Campus.
For any Suggestions/Query Contact to library or Email: library.kochi@imu.ac.in Ph:(0484)-2989402
(Web OPAC Designed by Rudra Ranjan. Maintained by IMU Kochi Library)

Powered by Koha